00600pam a2200181 a 4500020002800000040000800028082002600036100001600062245012000078250004000198260004400238300003400282500002000316650001900336650002000355650002700375700001600402 a0046350160 (alk. paper) cDLC00a635 UNW 1988 A044 Or.1 aBunt, A. C.10aMedia and mixes for container-grown plants :ba manual on the preparation and use of growing media for pot plants / a2nd ed. of Modern potting composts. aLondon ;aBoston :bUnwin Hyman,c1988. axxi, 309 p. :bill. ;c25 cm. aIncludes index. 0aPotting soils. 0aPlants, Potted. 0aGreenhouse management.1 aBunt, A. C.